Caricamento...
Selections from the prison notebooks/
| Autore principale: | |
|---|---|
| Natura: | Printed Book |
| Lingua: | English |
| Pubblicazione: |
Delhi:
Aakar Books,
2015.
|
| LEADER | 00521nam a22001457a 4500 | ||
|---|---|---|---|
| 008 | 180209b xxu||||| |||| 00| 0 eng d | ||
| 020 | |a 9789350023662 | ||
| 082 | |a E 320 GRA/S | ||
| 100 | |a Gramsci,Antonio | ||
| 245 | |a Selections from the prison notebooks/ |c Gramsci,Antonio | ||
| 260 | |a Delhi: |b Aakar Books, |c 2015. | ||
| 300 | |b 483p. | ||
| 942 | |c BK | ||
| 999 | |c 236796 |d 236796 | ||
| 952 | |0 0 |1 0 |4 0 |6 E_320_000000000000000_GRA_S |7 0 |9 262933 |a MAL |b MAL |c ST1 |d 2018-02-09 |g 695.00 |l 1 |o E 320 GRA/S |p MAL40310 |r 2021-10-23 |s 2021-09-25 |w 2018-02-09 |y BK | ||